[Event "IV Open Citta di Castellaneta"]
[Site "Castellaneta (TA)"]
[Date "2000.08.31"]
[Round "6"]
[White "Piscopo, Pierluigi"]
[Black "Indelicati, Giuseppe"]
[Result "1/2-1/2"]
[WhiteElo "2134"]
[BlackElo "2202"]
[PlyCount "21"]
[EventDate "2000.08.??"]

1. d4 Nf6 2. c4 g6 3. Nc3 Bg7 4. e4 O-O 5. Nf3 d6 6. h3 e5 7. d5 a5 8. Bg5 Na6
9. Bd3 Qe8 10. Qd2 Nh5 11. O-O-O 1/2-1/2

[Event "IV Open Citta di Castellaneta"]
[Site "Castellaneta (TA)"]
[Date "2000.08.31"]
[Round "6"]
[White "Pulito, Alberto"]
[Black "Capone, Vincenzo"]
[Result "1/2-1/2"]
[WhiteElo "2086"]
[BlackElo "2165"]
[PlyCount "29"]
[EventDate "2000.08.??"]

1. e4 e6 2. d4 d5 3. e5 c5 4. c3 Nc6 5. Nf3 Qb6 6. a3 Bd7 7. b4 cxd4 8. cxd4
Nge7 9. Nc3 Nf5 10. Be3 Nxe3 11. fxe3 a5 12. b5 Nb4 13. a4 Rc8 14. Qd2 Nc2+ 15.
Qxc2 1/2-1/2

[Event "IV Open Citta di Castellaneta"]
[Site "Castellaneta (TA)"]
[Date "2000.08.31"]
[Round "6"]
[White "Rotoni, Fabrizio"]
[Black "Genocchio, Daniele"]
[Result "0-1"]
[WhiteElo "2095"]
[BlackElo "2201"]
[PlyCount "84"]
[EventDate "2000.08.??"]

1. d4 f5 2. Nf3 Nf6 3. Bg5 Ne4 4. Bf4 c5 5. e3 Qb6 6. Qc1 d6 7. c3 Nd7 8. Nbd2
Ndf6 9. Bd3 g6 10. Qc2 cxd4 11. cxd4 Nd5 12. Bg3 Nxg3 13. hxg3 Bg7 14. O-O Bf6
15. Bc4 Be6 16. Rfe1 Bf7 17. Qb3 Qxb3 18. Bxb3 Nb6 19. Re2 Rc8 20. Rae1 a5 21.
Bxf7+ Kxf7 22. Nh2 e5 23. dxe5 dxe5 24. g4 Nd5 25. g3 h5 26. gxf5 gxf5 27. Nhf3
e4 28. Nd4 Bxd4 29. exd4 Rcg8 30. Nxe4 fxe4 31. Rxe4 Rg4 32. Re5 Rxd4 33. Rf5+
Nf6 34. Rxa5 h4 35. Rf5 Kg6 36. Rf4 Rxf4 37. gxf4 Kf5 38. Kg2 h3+ 39. Kg3 h2
40. Rh1 Nh5+ 41. Kf3 Nxf4 42. Kg3 Rh3# 0-1

[Event "IV Open Citta di Castellaneta"]
[Site "Castellaneta (TA)"]
[Date "2000.08.31"]
[Round "6"]
[White "Safranska, Anda"]
[Black "Alaimo, Riccardo"]
[Result "1-0"]
[WhiteElo "2337"]
[BlackElo "2089"]
[PlyCount "85"]
[EventDate "2000.08.??"]

1. Nf3 d5 2. g3 c6 3. Bg2 Bg4 4. h3 Bh5 5. d3 Nf6 6. O-O Nbd7 7. Qe1 e5 8. e4
dxe4 9. dxe4 Be7 10. Nh4 Bg6 11. Nd2 Qc7 12. a3 O-O 13. Nxg6 hxg6 14. Qe2 Rfd8
15. b3 b5 16. Bb2 Ne8 17. Rfe1 f6 18. h4 Nd6 19. Bh3 Nf8 20. Nf1 Nb7 21. h5
gxh5 22. Qxh5 Bc5 23. Qe2 Qf7 24. Ne3 Bxe3 25. Qxe3 Qe7 26. Kg2 Qc5 27. Qe2 a5
28. Rh1 a4 29. b4 Qe7 30. Rae1 Nd6 31. Bc1 Nc4 32. Bf5 Nd6 33. Bg4 Ra7 34. Rh2
g6 35. Reh1 Nf7 36. Be3 Rb7 37. Bc5 Qe8 38. c4 Ne6 39. Qf3 f5 40. exf5 e4 41.
Qc3 gxf5 42. Qf6 Ng7 43. Bxf5 1-0

[Event "IV Open Citta di Castellaneta"]
[Site "Castellaneta (TA)"]
[Date "2000.08.31"]
[Round "6"]
[White "Sardo, Gabriele"]
[Black "Coratella, Giuseppe"]
[Result "1-0"]
[WhiteElo "2189"]
[BlackElo "2077"]
[PlyCount "133"]
[EventDate "2000.08.??"]

1. e4 e6 2. Nc3 d5 3. d4 Nf6 4. Bg5 Be7 5. e5 Nfd7 6. Bxe7 Qxe7 7. f4 a6 8. Nf3
c5 9. Qd2 Nc6 10. dxc5 Qxc5 11. Bd3 b5 12. O-O-O Nb6 13. Kb1 Bd7 14. g4 Ne7 15.
Rhe1 Rc8 16. Ne2 g6 17. Ned4 b4 18. Nb3 Qc7 19. Qxb4 Qa7 20. Nbd4 Na4 21. Qa3
Rb8 22. Ka1 Nxb2 23. Rb1 Nxd3 24. cxd3 Rc8 25. Rec1 Rxc1 26. Rxc1 h5 27. g5 Qb6
28. Qc5 Qxc5 29. Rxc5 Kd8 30. h4 Bc8 31. Nc6+ Nxc6 32. Rxc6 Bb7 33. Rc5 Kd7 34.
Nd4 Rb8 35. Ra5 Bc8 36. a3 Ra8 37. Rc5 Bb7 38. Ka2 Bc6 39. Ra5 Kc7 40. Nc2 Kb7
41. Nb4 Bd7 42. Kb3 Bb5 43. Kc3 Bd7 44. Kd4 Bc8 45. Kc5 Kc7 46. Kd4 Kb7 47. Kc5
Kc7 48. Kd4 Kb7 49. Kc3 Bd7 50. Kb3 Bb5 51. Kc2 Bd7 52. Kc3 Bb5 53. Kd4 Bd7 54.
Kc5 Be8 55. Kd4 Bd7 56. Kc3 Bc8 57. a4 Bd7 58. Kb3 Ka7 59. Rc5 Rb8 60. a5 Bb5
61. Kc3 Bd7 62. Nc6+ Bxc6 63. Rxc6 Rb7 64. Kd4 Kb8 65. Kc5 Ka7 66. d4 Kb8 67.
Rxa6 1-0

[Event "IV Open Citta di Castellaneta"]
[Site "Castellaneta (TA)"]
[Date "2000.08.31"]
[Round "6"]
[White "Savchenko, Stanislav"]
[Black "Aleksic, Nenad"]
[Result "1/2-1/2"]
[WhiteElo "2579"]
[BlackElo "2407"]
[PlyCount "107"]
[EventDate "2000.08.??"]

1. d4 Nf6 2. c4 e6 3. Nc3 Bb4 4. Qc2 O-O 5. a3 Bxc3+ 6. Qxc3 b6 7. Bg5 Ba6 8.
Qf3 Nc6 9. e3 h6 10. Bxf6 Qxf6 11. Qxf6 gxf6 12. b4 Bb7 13. Ne2 f5 14. Nc3 Ne7
15. O-O-O d6 16. Be2 Rfd8 17. d5 c6 18. dxc6 Bxc6 19. Kb2 Kf8 20. f3 d5 21.
cxd5 Nxd5 22. Nxd5 Bxd5 23. Rd4 Bc6 24. Rhd1 Ke7 25. Rxd8 Rxd8 26. Rxd8 Kxd8
27. g3 Ke7 28. f4 Kd6 29. Kc3 Bd5 30. Kd4 f6 31. Bd3 Ba2 32. e4 fxe4 33. Bxe4
Bb3 34. Bf3 e5+ 35. fxe5+ fxe5+ 36. Ke3 a5 37. bxa5 bxa5 38. g4 Ke6 39. Bb7 Kf6
40. Bc8 Bc2 41. h4 Bb1 42. Ba6 Bc2 43. Bd3 Bd1 44. Be2 Bc2 45. Bf3 Bb1 46. Bb7
Bc2 47. Bc8 Bb1 48. Kd2 Be4 49. Kc3 Bd5 50. Kd3 Kg6 51. Bf5+ Kf6 52. Be4 Ba2
53. Bf3 Ke6 54. Bb7 1/2-1/2

[Event "IV Open Citta di Castellaneta"]
[Site "Castellaneta (TA)"]
[Date "2000.08.31"]
[Round "6"]
[White "Sibilio, Mario"]
[Black "Lazarev, Vladimir"]
[Result "0-1"]
[WhiteElo "2381"]
[BlackElo "2478"]
[PlyCount "74"]
[EventDate "2000.08.??"]

1. e4 c5 2. Nf3 Nc6 3. Bb5 e6 4. Bxc6 bxc6 5. O-O Ne7 6. e5 Ng6 7. d3 Be7 8.
Nbd2 O-O 9. Nb3 Qc7 10. Qe1 f6 11. exf6 gxf6 12. Bh6 Rf7 13. Qe3 d6 14. Nfd2
Kh8 15. f4 Nh4 16. g4 Bd7 17. Qf2 f5 18. Bg5 Bxg5 19. fxg5 Ng6 20. gxf5 Rxf5
21. Qe3 e5 22. Rxf5 Bxf5 23. Rf1 Nf4 24. Kh1 Rg8 25. Nf3 Bh3 26. Rg1 Qg7 27.
Nbd2 Nd5 28. Qe1 Qf7 29. Qh4 Bf5 30. Ne4 Qg6 31. Qe1 Qe6 32. Nh4 Rf8 33. c4 Nb4
34. Qe3 Bxe4+ 35. dxe4 Qxc4 36. Nf5 Nc2 37. g6 Rxf5 0-1

[Event "IV Open Citta di Castellaneta"]
[Site "Castellaneta (TA)"]
[Date "2000.08.31"]
[Round "6"]
[White "Tamborino, Pasquale"]
[Black "Benedetti, Fabrizio"]
[Result "1/2-1/2"]
[WhiteElo "1912"]
[BlackElo "2238"]
[PlyCount "71"]
[EventDate "2000.08.??"]

1. d4 Nf6 2. c4 d6 3. Nc3 g6 4. e4 Bg7 5. Be2 O-O 6. Bg5 h6 7. Be3 e5 8. d5
Nbd7 9. Qd2 Kh7 10. f3 Ng8 11. Nh3 a6 12. O-O f5 13. exf5 gxf5 14. f4 e4 15.
Rac1 b6 16. Bd4 Bxd4+ 17. Qxd4 Qf6 18. Qxf6 Ndxf6 19. Nd1 Ne7 20. Ne3 Bd7 21.
Rfd1 Rfd8 22. Kf2 Rac8 23. Rd2 a5 24. g3 c6 25. dxc6 Bxc6 26. Rcd1 d5 27. Ng1
Rd7 28. cxd5 Nexd5 29. Rd4 Nxe3 30. Rxd7+ Bxd7 31. Kxe3 Rc2 32. Kd4 Rxb2 33.
Ke5 Bb5 34. Kxf6 Bxe2 35. Rd7+ Kg8 36. Rd8+ 1/2-1/2

[Event "IV Open Citta di Castellaneta"]
[Site "Castellaneta (TA)"]
[Date "2000.08.31"]
[Round "6"]
[White "Tommaselli, Giacomo"]
[Black "Ferretti, Folco"]
[Result "0-1"]
[WhiteElo "2102"]
[BlackElo "2278"]
[PlyCount "54"]
[EventDate "2000.08.??"]

1. d4 Nf6 2. Nf3 e6 3. Bg5 c5 4. c3 Qb6 5. Qb3 Ne4 6. Qxb6 axb6 7. e3 Nxg5 8.
Nxg5 Nc6 9. Nd2 d5 10. Bd3 Be7 11. Ngf3 c4 12. Bc2 b5 13. O-O b4 14. e4 O-O 15.
h3 Bd7 16. Ne5 Nxe5 17. dxe5 bxc3 18. bxc3 Ra3 19. Nb1 Ra5 20. exd5 exd5 21.
Nd2 Rfa8 22. Rfb1 b5 23. Rb2 f6 24. Nf3 Ra3 25. e6 Be8 26. Nd4 Rxc3 27. Nxb5
Bxb5 0-1

[Event "IV Open Citta di Castellaneta"]
[Site "Castellaneta (TA)"]
[Date "2000.08.31"]
[Round "6"]
[White "Verrascina, Nicola"]
[Black "Tommasini, Enzo"]
[Result "1/2-1/2"]
[WhiteElo "2140"]
[BlackElo "2086"]
[PlyCount "44"]
[EventDate "2000.08.??"]

1. e4 e6 2. d4 d5 3. Nc3 Nf6 4. e5 Nfd7 5. f4 c5 6. Nf3 Nc6 7. Be3 a6 8. Qd2 b5
9. dxc5 Bxc5 10. Bxc5 Nxc5 11. Nd4 Nxd4 12. Qxd4 Qc7 13. b4 Nd7 14. a4 bxa4 15.
Bd3 O-O 16. Nxa4 Bb7 17. O-O f6 18. exf6 Rxf6 19. Rae1 Raf8 20. g3 Rc8 21. Rf2
Qc6 22. Ra1 Rcf8 1/2-1/2